| 000 | 02402nam a2200373 i 4500 | ||
|---|---|---|---|
| 001 | 197611 | ||
| 003 | ES-MaACL | ||
| 005 | 20250728070126.0 | ||
| 007 | ta | ||
| 008 | 250623e2025 sp ||||| |||| 00| 0 spa d | ||
| 017 | _aM 985-2025 | ||
| 020 | _a9788409683512 | ||
| 040 |
_bspa _cES-MaACL |
||
| 080 | _a338.1(7/8=134) | ||
| 245 | 0 | 0 |
_aAmérica Latina en un mundo perplejo : _binseguridad, turbulencias económicas y democracias asediadas : informe anual 2024-2025 / _cÉrika Rodríguez Pinzón y Marisa Rollón (editoras) |
| 260 |
_aMadrid : _bFundación Carolina, _c2025 |
||
| 300 |
_a166 páginas ; _c30 cm |
||
| 336 |
_2rdacontent _atexto |
||
| 337 |
_2rdamedia _asin mediación |
||
| 338 |
_2rdacarrier _avolumen |
||
| 520 | _aEste Informe anual 2024-2025 de la Fundación Carolina ofrece una visión integral y multifacética de los desafíos y oportunidades que ha enfrentado América Latina en 2024 y los que le esperan en 2025: un año que se presenta económicamente incierto y políticamente turbulento, bajo un contexto global tensionado, en el que persistirá el asedio a los valores y las instituciones de la democracia, pero que asimismo podría suponer, para los países de la región, un reimpulso en términos de movilización de recursos financieros, resiliencia institucional, defensa de derechos humanos, y representación política de las mujeres. En su elaboración ha participado un destacado grupo de especialistas que colaboran o son miembros del área de Estudios y Análisis de la Fundación Carolina. | ||
| 530 | _aDisponible en formato digital | ||
| 540 |
_aVersión digital disponible en Fundación Carolina _uhttps://www.fundacioncarolina.es/wp-content/uploads/2025/01/ANUARIO-2024.pdf |
||
| 650 | 4 |
_aDemocracia- _zAmérica Latina _911565 |
|
| 651 | 4 |
_aAmérica Latina- _xSituación económica _97765 |
|
| 700 | 1 |
_aRodríguez Pinzón, Érika _epbl _9240971 |
|
| 700 | 1 |
_aRamos Rollón, Marisa _epbl _9240972 |
|
| 710 | 2 |
_aFundación Carolina _eedt _9147407 |
|
| 852 |
_aES-MaACL _cDEPO1 _hDonación Fundación Carolina _jA-15699 _9206057 |
||
| 856 | 4 |
_uhttps://www.fundacioncarolina.es/wp-content/uploads/2025/01/ANUARIO-2024.pdf _yVersión digital _z(Fundación Carolina) _7Accesible a 20/07/2025 |
|
| 942 |
_n0 _cMONOGRAFIA |
||
| 999 |
_c197611 _d197611 |
||